000 00655nam a22001697a 4500
020 _qHard Cover.
082 _a200
100 _aTahir, Naveed Ahmad
245 _aFabrication and Characterization of HNBR-Silica/Carbon Phenolic Ablative Composites as an Effective Thermal Protection System (IPS) /
_cNaveed Ahmad Tahir.
260 _aIslamabad:
_bSCME - NUST
_c2017.
300 _a38 p. :
_bill. ;
_c30cm.
650 _aMS- Chemical Engineering
_9129140
700 _aSupervisor: Dr. Sarah Farrukh
_9123349
856 _uhttp://10.250.8.41:8080/xmlui/handle/123456789/19035
942 _2ddc
_cSC
999 _c534431
_d534431